Statistics for Birth Names to Stage Names Part 2

Click here to take the quiz!

General Stats

  • This quiz has been taken 22 times
  • The average score is 14 of 28

Answer Stats

Birth NameStage Name% Correct
Reginald Kenneth DwightElton John
89%
Elizabeth Stamatina FeyTina Fey
83%
Thomas Cruise Mapother IVTom Cruise
83%
John Francis Bongiovi, Jr.Jon Bon Jovi
72%
Jo Raquel TejadaRaquel Welch
72%
Winona Laura HorowitzWinona Ryder
72%
Onika Tanya MarajNicki Minaj
67%
Greta Lovisa GustafssonGreta Garbo
61%
Enrique Martin MoralesRicky Martin
61%
Sofia Villani ScicoloneSophia Loren
61%
Timothy Alan DickTim Allen
61%
Vera Mindy ChokalingamMindy Kaling
56%
Anthony IadanzaTony Danza
50%
Leslie Towns HopeBob Hope
44%
Henry John DeutschendorfJohn Denver
44%
Melvin KaminskyMel Brooks
44%
Ronald WalkenChristopher Walken
39%
Dean George TanakaDean Cain
39%
Jonathan Stuart LeibowitzJon Stewart
39%
Kevin George KnipfingKevin James
33%
Ralph LifshitzRalph Lauren
33%
Susan Alexandra WeaverSigourney Weaver
33%
William Bruce Rose, Jr.Axl Rose
28%
Joan Alexandra MolinskyJoan Rivers
28%
Joseph Yule, Jr.Mickey Rooney
28%
Mark SinclairVin Diesel
22%
Jay Scott GreenspanJason Alexander
17%
Jerome SilbermanGene Wilder
11%

Score Distribution

Percentile by Number Answered

Percent of People with Each Score

Your Score History

You have not taken this quiz